000 00375nam a2200157Ia 4500
008 230917s9999||||xx |||||||||||||| ||und||
040 _e62949
_aMAIN
041 _aEnglish
082 _a658.4 K837M
100 _aKoontz, Harold etc.
245 0 _aManagement
250 _a7th ed.
260 _aTokyo
_bMcGraw-Hill Kogakusha
_c1980
300 _a831 p. + 29
942 _cBK
999 _c225573
_d225573